000 00345nam a22001457a 4500
008 210430b ||||| |||| 00| 0 eng d
020 _a0872240479
041 _aeng
080 _a34
082 _a34
100 _a13
101 _aJUR
245 _aImmigration Fundamentals a guide to Law and Practice
_cAustin T. Fragomen
942 _2udc
_cBK
999 _c57034
_d57034